[Event "CRO-chT1B 27th"]
[Site "Biograd"]
[Date "2018.09.23"]
[Round "9.33"]
[White "Ramesa, Davor"]
[Black "Matkovic, Tonci"]
[Result "0-1"]
[WhiteElo "2303"]
[BlackElo "2274"]
[PlyCount "70"]
[EventDate "2018.09.15"]
[EventType "team-swiss"]
[EventRounds "9"]
[EventCountry "CRO"]
[SourceTitle "CBM 186 Extra"]
[Source "ChessBase"]
[SourceDate "2018.08.24"]
[SourceVersion "1"]
[SourceVersionDate "2018.08.24"]
[SourceQuality "1"]
[WhiteTeam "Rijeka Junior"]
[BlackTeam "Sibenik"]
[WhiteTeamCountry "CRO"]
[BlackTeamCountry "CRO"]

1. Nf3 Nf6 2. c4 e6 3. g3 d5 4. d4 dxc4 5. Qa4+ Bd7 6. Qxc4 Bc6 7. Bg2 Nbd7 8. Nc3 Nd5 9. 0-0 Nxc3 10. bxc3 Nf6 11. Bg5 Be7 12. Rfe1 0-0 13. Bxf6 Bxf6 14. e4 Qd7 15. Rad1 Rfd8 16. Rd2 a5 17. Qb3 b5 18. Bh3 a4 19. Qc2 Qe8 20. Re3 Bb7 21. Bf1 c5 22. Qb1 b4 23. e5 Be7 24. cxb4 cxb4 25. Bd3 g6 26. h4 Rac8 27. Be4 Bxe4 28. Qxe4 Qc6 29. Qf4 Qd5 30. Kh2 Rc1 31. Red3 Rdc8 32. Rb2 Ra1 33. Rdd2 Rcc1 34. g4 Rh1+ 35. Kg3 Bxh4+ 0-1

[Event "CRO-chT2W"]
[Site "Croatia"]
[Date "2016.04.10"]
[Round "5.1"]
[White "Belamaric, Goran"]
[Black "Ramesa, Davor"]
[Result "0-1"]
[WhiteElo "2202"]
[BlackElo "2304"]
[PlyCount "59"]
[EventDate "2016.03.05"]
[EventType "team-tourn"]
[EventRounds "9"]
[EventCountry "CRO"]
[SourceTitle "CBM 171 Extra"]
[Source "ChessBase"]
[SourceDate "2016.04.26"]
[SourceVersion "1"]
[SourceVersionDate "2016.04.26"]
[SourceQuality "1"]
[WhiteTeam "Buje"]
[BlackTeam "Rijeka Junior"]
[WhiteTeamCountry "CRO"]
[BlackTeamCountry "CRO"]

1. e4 c5 2. Nf3 Nc6 3. c3 d5 4. exd5 Qxd5 5. d4 Bg4 6. Be2 cxd4 7. cxd4 e6 8. Nc3 Bb4 9. 0-0 Qa5 10. Be3 Rd8 11. Qb3 Nge7 12. a3 Bxc3 13. bxc3 Rd7 14. h3 Bh5 15. Rfd1 0-0 16. Rac1 Rc8 17. c4 Rcd8 18. g4 Bg6 19. d5 exd5 20. cxd5 Rxd5 21. Rxd5 Qxd5 22. Qxb7 Qe6 23. Qc7 Rd7 24. Qg3 h6 25. Bb5 Be4 26. Nd2 Rxd2 27. Bxd2 Nd4 28. Qb8+ Kh7 29. Be3 Nf3+ 30. Kf1 0-1

[Event "CRO-chT2W"]
[Site "Croatia"]
[Date "2016.04.10"]
[Round "6.1"]
[White "Ramesa, Davor"]
[Black "Licardo, Renato"]
[Result "0-1"]
[WhiteElo "2304"]
[BlackElo "2190"]
[PlyCount "74"]
[EventDate "2016.03.05"]
[EventType "team-tourn"]
[EventRounds "9"]
[EventCountry "CRO"]
[SourceTitle "EXT 2017"]
[Source "ChessBase"]
[SourceDate "2016.10.25"]
[SourceVersion "1"]
[SourceVersionDate "2016.10.25"]
[SourceQuality "1"]
[WhiteTeam "Rijeka Junior"]
[BlackTeam "Porec Gortan"]
[WhiteTeamCountry "CRO"]
[BlackTeamCountry "CRO"]

1. c4 Nf6 2. Nc3 d5 3. cxd5 Nxd5 4. Qa4+ Bd7 5. Qb3 Nb6 6. Nf3 Nc6 7. g3 e5 8. d3 Be7 9. Bg2 0-0 10. 0-0 Be6 11. Qd1 f5 12. a4 Bf6 13. a5 Nd5 14. Qb3 Rb8 15. Ng5 Bxg5 16. Bxg5 Qxg5 17. Bxd5 Bxd5 18. Qxd5+ Kh8 19. a6 Qf6 20. axb7 Rxb7 21. Ra6 Rb6 22. Rxb6 axb6 23. Qd7 Nd4 24. e3 Nf3+ 25. Kg2 e4 26. d4 Qh6 27. h4 Qg6 28. Rh1 c5 29. h5 Qg4 30. Qe7 Rg8 31. d5 h6 32. d6 Ng5 33. d7 f4 34. exf4 Ne6 35. Qf7 Qf3+ 36. Kh2 Qxf2+ 37. Kh3 Ng5+ 0-1

[Event "CRO-chT2W"]
[Site "Croatia"]
[Date "2016.03.06"]
[Round "3.1"]
[White "Cherin, Diego"]
[Black "Ramesa, Davor"]
[Result "0-1"]
[WhiteElo "2226"]
[BlackElo "2304"]
[PlyCount "86"]
[EventDate "2016.03.05"]
[EventType "team-tourn"]
[EventRounds "9"]
[EventCountry "CRO"]
[SourceTitle "CBM 171 Extra"]
[Source "ChessBase"]
[SourceDate "2016.04.26"]
[SourceVersion "1"]
[SourceVersionDate "2016.04.26"]
[SourceQuality "1"]
[WhiteTeam "Rovinj Batana"]
[BlackTeam "Rijeka Junior"]
[WhiteTeamCountry "CRO"]
[BlackTeamCountry "CRO"]

1. e4 c5 2. Nf3 Nc6 3. d4 cxd4 4. Nxd4 g6 5. Nc3 Bg7 6. Be3 Nf6 7. Bc4 Qa5 8. 0-0 0-0 9. Nb3 Qd8 10. f4 d6 11. Be2 Be6 12. Bf3 a5 13. Nd5 Nd7 14. Nd4 Bxd5 15. exd5 Nxd4 16. Bxd4 Bxd4+ 17. Qxd4 Qb6 18. Qxb6 Nxb6 19. Rfe1 Rfe8 20. b3 Kf8 21. Re3 Rec8 22. c4 Rc7 23. Rae1 a4 24. g4 axb3 25. axb3 Ra3 26. Kf2 Nc8 27. h4 b5 28. cxb5 Nb6 29. Rd1 Rc5 30. b4 Rc2+ 31. Re2 Rcc3 32. Bg2 Rc4 33. Re3 Ra2+ 34. Kg3 Rxb4 35. Bf1 Rc2 36. h5 Rc5 37. hxg6 hxg6 38. Red3 Rbxb5 39. Bg2 Rb4 40. Rd4 Rc3+ 41. Kf2 Rb2+ 42. R1d2 Rbb3 43. Re2 Nd7 0-1

[Event "CRO-chT2W"]
[Site "Croatia"]
[Date "2016.03.05"]
[Round "1.1"]
[White "Savic, Miroslav"]
[Black "Ramesa, Davor"]
[Result "1-0"]
[WhiteElo "2215"]
[BlackElo "2304"]
[PlyCount "81"]
[EventDate "2016.03.05"]
[EventType "team-tourn"]
[EventRounds "9"]
[EventCountry "CRO"]
[SourceTitle "CBM 171 Extra"]
[Source "ChessBase"]
[SourceDate "2016.04.26"]
[SourceVersion "1"]
[SourceVersionDate "2016.04.26"]
[SourceQuality "1"]
[WhiteTeam "Karlobag"]
[BlackTeam "Rijeka Junior"]
[WhiteTeamCountry "CRO"]
[BlackTeamCountry "CRO"]

1. Nf3 Nf6 2. d4 g6 3. g3 Bg7 4. Bg2 0-0 5. 0-0 d6 6. c4 Nbd7 7. Nc3 e5 8. h3 Re8 9. Be3 a6 10. Rc1 Rb8 11. dxe5 dxe5 12. Qb3 c6 13. Rfd1 Qe7 14. Nd2 Nc5 15. Bxc5 Qxc5 16. Nde4 Qa7 17. Nd6 Rf8 18. Nxc8 Rfxc8 19. e3 Qc5 20. Na4 Qe7 21. Kh2 h5 22. c5 Rd8 23. Qc4 Rxd1 24. Rxd1 Rd8 25. Rd3 Rd7 26. b4 Qd8 27. Rxd7 Qxd7 28. Qc2 Qd8 29. Nb6 h4 30. g4 Nh7 31. Nc4 Ng5 32. Nd6 Qc7 33. Be4 Bf8 34. Nc4 Kg7 35. Kg2 Qd7 36. f3 Qe6 37. Na5 Nxe4 38. fxe4 Qd7 39. Nc4 Qe6 40. Qd3 Kh7 41. Qb3 1-0

[Event "CRO-chT2 West"]
[Site "Croatia"]
[Date "2015.10.24"]
[Round "7.1"]
[White "Ramesa, Davor"]
[Black "Licardo, Renato"]
[Result "1-0"]
[WhiteElo "2285"]
[BlackElo "2137"]
[PlyCount "77"]
[EventDate "2015.02.21"]
[EventType "team-tourn"]
[EventRounds "9"]
[EventCountry "CRO"]
[SourceTitle "EXT 2017"]
[Source "ChessBase"]
[SourceDate "2016.10.25"]
[SourceVersion "1"]
[SourceVersionDate "2016.10.25"]
[SourceQuality "1"]
[WhiteTeam "Rijeka Junior"]
[BlackTeam "Porec Gortan"]
[WhiteTeamCountry "CRO"]
[BlackTeamCountry "CRO"]

1. c4 Nf6 2. Nc3 c5 3. Nf3 g6 4. d4 cxd4 5. Nxd4 Bg7 6. e4 Nc6 7. Be3 Ng4 8. Qxg4 Nxd4 9. Qd1 Nc6 10. Be2 0-0 11. 0-0 d6 12. Qd2 Bd7 13. Rfd1 Ne5 14. c5 dxc5 15. Bxc5 b6 16. Ba3 Be6 17. Qg5 Bf6 18. Qg3 Qb8 19. f4 b5 20. Nxb5 Bc4 21. Nc3 Bxe2 22. Nxe2 Nc4 23. e5 Nxa3 24. Qxa3 Bg7 25. Kh1 Qb7 26. Nc3 Rab8 27. Rab1 Rfd8 28. Qa4 h5 29. h3 Rxd1+ 30. Rxd1 Rc8 31. Qd7 Rc7 32. Qe8+ Kh7 33. Qxf7 Qxb2 34. f5 gxf5 35. Qxh5+ Bh6 36. Qf7+ Bg7 37. Qxf5+ Kh6 38. Nd5 Rb7 39. Nf4 1-0

[Event "CRO-chT2 West"]
[Site "Croatia"]
[Date "2015.02.22"]
[Round "2.1"]
[White "Jurkovic, Ante"]
[Black "Ramesa, Davor"]
[Result "1-0"]
[WhiteElo "2289"]
[BlackElo "2285"]
[PlyCount "91"]
[EventDate "2015.02.21"]
[EventType "team-tourn"]
[EventRounds "9"]
[EventCountry "CRO"]
[SourceTitle "EXT 2016"]
[Source "ChessBase"]
[SourceDate "2015.10.08"]
[SourceVersion "1"]
[SourceVersionDate "2015.10.08"]
[SourceQuality "1"]
[WhiteTeam "Ravna Gora Goranka"]
[BlackTeam "Rijeka Junior"]
[WhiteTeamCountry "CRO"]
[BlackTeamCountry "CRO"]

1. e4 c5 2. Nf3 Nc6 3. d4 cxd4 4. Nxd4 g6 5. Nc3 Bg7 6. Nb3 Nf6 7. Be2 0-0 8. 0-0 d6 9. f4 Rb8 10. Bf3 Nd7 11. Kh1 Nb6 12. Qe2 a5 13. Be3 a4 14. Qb5 Na8 15. Nxa4 Bd7 16. Qe2 b5 17. Nc3 b4 18. Nd1 Nb6 19. a4 bxa3 20. Rxa3 Be6 21. Bxb6 Rxb6 22. Nc3 Bxb3 23. cxb3 Qb8 24. Qc4 Rc8 25. Ra6 Rb4 26. Qd5 Rd4 27. Qb5 Nb4 28. Rb6 Qc7 29. Ne2 Nd3 30. Rb7 Qc2 31. Rb8 Nf2+ 32. Rxf2 Rxb8 33. Qxb8+ Bf8 34. Rf1 Rd2 35. Ng3 Qxb2 36. e5 d5 37. f5 Rd3 38. e6 Re3 39. exf7+ Kg7 40. Qf4 Rxb3 41. Bxd5 Rd3 42. Be6 Qf6 43. Ne4 Qd4 44. fxg6 hxg6 45. Qg4 Re3 46. Bf5 1-0

[Event "CRO-chT2 West"]
[Site "Croatia"]
[Date "2015.02.21"]
[Round "1.1"]
[White "Muslija, Idris"]
[Black "Ramesa, Davor"]
[Result "1-0"]
[WhiteElo "2273"]
[BlackElo "2285"]
[PlyCount "89"]
[EventDate "2015.02.21"]
[EventType "team-tourn"]
[EventRounds "9"]
[EventCountry "CRO"]
[SourceTitle "EXT 2016"]
[Source "ChessBase"]
[SourceDate "2015.10.08"]
[SourceVersion "1"]
[SourceVersionDate "2015.10.08"]
[SourceQuality "1"]
[WhiteTeam "Karlobag"]
[BlackTeam "Rijeka Junior"]
[WhiteTeamCountry "CRO"]
[BlackTeamCountry "CRO"]

1. d4 Nf6 2. c4 g6 3. Nc3 Bg7 4. Nf3 0-0 5. Bg5 c5 6. d5 d6 7. e4 h6 8. Bh4 e5 9. Nd2 Na6 10. Be2 Nc7 11. 0-0 Bd7 12. a3 b6 13. b4 Qc8 14. bxc5 bxc5 15. Rb1 Kh7 16. Qc2 Ng8 17. Bg3 Ne8 18. h3 f5 19. exf5 gxf5 20. f4 e4 21. Bh4 Kh8 22. Kh2 Nef6 23. Nb5 Bxb5 24. Rxb5 Ne7 25. Qb3 Ng6 26. Bxf6 Bxf6 27. g4 Nxf4 28. Bd1 Be5 29. Kh1 Qd8 30. Qe3 fxg4 31. Bxg4 h5 32. Be6 Qg5 33. Rg1 Qh6 34. Nb3 Rab8 35. Rg3 Rxb5 36. cxb5 Qh7 37. Rg5 Nd3 38. Qe2 Rf2 39. Qd1 Rf3 40. Qg1 Nf2+ 41. Kg2 Qh6 42. Qc1 Rxb3 43. Rg8+ Kh7 44. Bf5+ Kxg8 45. Qxh6 1-0

[Event "CRO-chT"]
[Site "Bol"]
[Date "2014.05.15"]
[Round "2.8"]
[White "Anic, Darko"]
[Black "Ramesa, Davor"]
[Result "0-1"]
[WhiteElo "2413"]
[BlackElo "2317"]
[PlyCount "56"]
[EventDate "2014.05.14"]
[EventType "team-swiss"]
[EventRounds "6"]
[EventCountry "CRO"]
[SourceTitle "CBM 160 Extra"]
[Source "ChessBase"]
[SourceDate "2014.07.01"]
[SourceVersion "1"]
[SourceVersionDate "2014.07.01"]
[SourceQuality "1"]
[WhiteTeam "Zadar"]
[BlackTeam "Rijeka Junior"]
[WhiteTeamCountry "CRO"]
[BlackTeamCountry "CRO"]

1. Nf3 Nf6 2. c4 g6 3. g3 Bg7 4. Bg2 d6 5. d4 0-0 6. Nc3 Nbd7 7. 0-0 e5 8. h3 exd4 9. Nxd4 Re8 10. e4 a6 11. Nc2 Nc5 12. Re1 Nfd7 13. Nd4 Ne5 14. Nf3 Nxc4 15. Bg5 f6 16. Bc1 Ne5 17. Nd4 Ned3 18. Re3 Nxc1 19. Rxc1 c6 20. b4 Ne6 21. Rd3 Nxd4 22. Rxd4 Bf8 23. a4 Bd7 24. Rb1 f5 25. Qf3 Qf6 26. Rbd1 Qe5 27. exf5 Bxf5 28. g4 Bc2 0-1

[Event "CRO-chT2 West"]
[Site "Croatia"]
[Date "2014.03.30"]
[Round "6.51"]
[White "Belamaric, Goran"]
[Black "Ramesa, Davor"]
[Result "0-1"]
[WhiteElo "2242"]
[BlackElo "2314"]
[PlyCount "64"]
[EventDate "2014.03.15"]
[EventType "team-tourn"]
[EventRounds "9"]
[EventCountry "CRO"]
[SourceTitle "EXT 2019"]
[Source "ChessBase"]
[SourceDate "2018.10.10"]
[SourceVersion "1"]
[SourceVersionDate "2018.10.10"]
[SourceQuality "1"]
[WhiteTeam "Buje"]
[BlackTeam "Rijeka Junior"]
[WhiteTeamCountry "CRO"]
[BlackTeamCountry "CRO"]

1. e4 c5 2. Nc3 Nc6 3. g3 g6 4. Bg2 Bg7 5. d3 d6 6. f4 Nd4 7. Nge2 e6 8. 0-0 Ne7 9. g4 f5 10. h3 0-0 11. Ng3 Rb8 12. Nce2 b5 13. c3 Nxe2+ 14. Qxe2 b4 15. Bd2 Bd7 16. Rae1 bxc3 17. Bxc3 Nc6 18. Bxg7 Kxg7 19. gxf5 Nd4 20. f6+ Qxf6 21. Qf2 e5 22. b3 exf4 23. e5 dxe5 24. Ne4 Qe7 25. Kh2 f3 26. Bh1 Rf4 27. Qg3 Rbf8 28. Rf2 R8f5 29. Rd2 Rh5 30. Nf2 Qf6 31. Re4 Rg5 32. Ng4 Bxg4 0-1

[Event "CRO-chT2 West"]
[Site "Croatia"]
[Date "2014.03.16"]
[Round "2.31"]
[White "Licardo, Renato"]
[Black "Ramesa, Davor"]
[Result "0-1"]
[WhiteElo "2170"]
[BlackElo "2314"]
[PlyCount "62"]
[EventDate "2014.03.15"]
[EventType "team-tourn"]
[EventRounds "9"]
[EventCountry "CRO"]
[SourceTitle "EXT 2019"]
[Source "ChessBase"]
[SourceDate "2018.10.10"]
[SourceVersion "1"]
[SourceVersionDate "2018.10.10"]
[SourceQuality "1"]
[WhiteTeam "Porec Gortan"]
[BlackTeam "Rijeka Junior"]
[WhiteTeamCountry "CRO"]
[BlackTeamCountry "CRO"]

1. e4 c5 2. Nf3 Nc6 3. Bb5 g6 4. 0-0 Bg7 5. c3 Nf6 6. Re1 0-0 7. d4 a6 8. Bf1 cxd4 9. e5 Nd5 10. cxd4 d6 11. h3 dxe5 12. Nxe5 Nxe5 13. dxe5 Be6 14. Bd2 Qb6 15. Nc3 Qxb2 16. Nxd5 Bxd5 17. Bc3 Qxc3 18. Qxd5 b5 19. Rac1 Qa5 20. e6 f5 21. Re2 Bf6 22. Rec2 Rfd8 23. Qb7 Rab8 24. Qf3 Kg7 25. g4 Bg5 26. Rd1 Rxd1 27. Qxd1 fxg4 28. hxg4 Qa4 29. Qe2 Qd4 30. Rc6 Rf8 31. Rc2 Rxf2 0-1

[Event "SLO-chT1 East"]
[Site "Sentjur"]
[Date "2013.10.17"]
[Round "1"]
[White "Ramesa, Davor"]
[Black "Coklin, Marko"]
[Result "1/2-1/2"]
[WhiteElo "2297"]
[BlackElo "2211"]
[PlyCount "104"]
[EventDate "2013.10.17"]
[EventType "team-tourn"]
[EventRounds "9"]
[EventCountry "SLO"]
[SourceTitle "EXT 2015"]
[Source "ChessBase"]
[SourceDate "2014.11.20"]
[SourceVersion "1"]
[SourceVersionDate "2014.11.20"]
[SourceQuality "1"]

1. d4 Nf6 2. Nf3 c5 3. d5 e6 4. Nc3 exd5 5. Nxd5 Be7 6. Nxe7 Qxe7 7. c4 0-0 8. Bg5 Rd8 9. e3 d5 10. cxd5 h6 11. Bxf6 Qxf6 12. Qb3 Bg4 13. Be2 Nd7 14. Rd1 b5 15. Qc3 c4 16. Nd4 Bxe2 17. Nxe2 b4 18. Qd4 Qa6 19. 0-0 Nf6 20. e4 Qxa2 21. Ng3 Qb3 22. Rc1 Rac8 23. Nf5 Kh7 24. Ne7 Rc7 25. e5 Rxe7 26. exf6 Red7 27. Rxc4 Rxd5 28. Qe4+ Kg8 29. Rxb4 Qd3 30. Qxd3 Rxd3 31. fxg7 Kxg7 32. g3 R8d4 33. Rb7 Rd7 34. Rb8 Rd8 35. Rxd8 Rxd8 36. Ra1 Rd2 37. Ra2 a5 38. Kg2 a4 39. Rxa4 Rxb2 40. Rg4+ Kf6 41. Rg8 Ra2 42. g4 Rb2 43. Kg3 Rb1 44. h3 Rg1+ 45. Kh2 Rb1 46. Kg2 Ra1 47. h4 Rb1 48. f3 Ra1 49. Kg3 Rg1+ 50. Kf4 Rh1 51. g5+ hxg5+ 52. hxg5+ Ke7 1/2-1/2

[Event "CRO-chT2"]
[Site "Bol"]
[Date "2013.09.19"]
[Round "6.1"]
[White "Horvat, David"]
[Black "Ramesa, Davor"]
[Result "1/2-1/2"]
[WhiteElo "2176"]
[BlackElo "2297"]
[PlyCount "21"]
[EventDate "2013.09.14"]
[EventType "team-tourn"]
[EventRounds "9"]
[EventCountry "CRO"]
[SourceTitle "CBM 156 Extra"]
[Source "ChessBase"]
[SourceDate "2013.10.22"]
[SourceVersion "1"]
[SourceVersionDate "2013.10.22"]
[SourceQuality "1"]
[WhiteTeam "Strigova Stridon"]
[BlackTeam "Rijeka Junior"]
[WhiteTeamCountry "CRO"]
[BlackTeamCountry "CRO"]

1. e4 c5 2. Nf3 Nc6 3. d4 cxd4 4. Nxd4 g6 5. c4 Nf6 6. Nc3 d6 7. Nc2 Bg7 8. Be2 0-0 9. 0-0 a6 10. Be3 Rb8 11. f3 1/2-1/2

[Event "CRO-chT1B 21st"]
[Site "Sibenik"]
[Date "2012.09.28"]
[Round "6.2"]
[White "Ramesa, Davor"]
[Black "Franic, Milan"]
[Result "0-1"]
[WhiteElo "2297"]
[BlackElo "2414"]
[PlyCount "132"]
[EventDate "2012.09.23"]
[EventType "team-tourn"]
[EventRounds "7"]
[EventCountry "CRO"]
[SourceTitle "CBM 150 Extra"]
[Source "ChessBase"]
[SourceDate "2012.10.19"]
[SourceVersion "1"]
[SourceVersionDate "2012.10.19"]
[SourceQuality "1"]
[WhiteTeam "Rijeka Junior"]
[BlackTeam "Pula"]
[WhiteTeamCountry "CRO"]
[BlackTeamCountry "CRO"]

1. Nf3 d6 2. d4 Nf6 3. c4 c6 4. Nc3 Nbd7 5. e4 e5 6. Bd3 Be7 7. 0-0 0-0 8. d5 a6 9. Bc2 cxd5 10. cxd5 b5 11. Ne1 Nb6 12. Nd3 Bd7 13. a4 bxa4 14. f3 Qb8 15. Nxa4 Bd8 16. Kh1 Bb5 17. Nc3 Bd7 18. f4 exf4 19. Bxf4 Bg4 20. Qe1 Nh5 21. Be3 Nc4 22. Bd4 Bb6 23. Qf2 Bxd4 24. Qxd4 Ne5 25. Ra2 Bc8 26. Nxe5 dxe5 27. Qc5 Nf6 28. h3 Ra7 29. Bd3 Nd7 30. Qe3 Rb7 31. Rf2 Rb6 32. Bc4 Qd6 33. b3 Bb7 34. Ra5 Rb8 35. Rfa2 Bc8 36. Qe2 Qh6 37. Qd2 Qg6 38. R2a3 h5 39. Na4 Rf6 40. Nc3 Qg3 41. Qd3 Qg5 42. Ra2 Nf8 43. d6 Rb6 44. Rd2 Rbxd6 45. Qxd6 Rxd6 46. Rxd6 Ng6 47. Rc5 Be6 48. Rxe6 fxe6 49. Bxe6+ Kf8 50. Nd5 Ne7 51. Rc7 Nxd5 52. Bxd5 Qg3 53. Rf7+ Ke8 54. Ra7 Kd8 55. Rxa6 g5 56. Rh6 g4 57. hxg4 hxg4 58. Rh8+ Ke7 59. Rh7+ Kf6 60. Rf7+ Kg6 61. Be6 Qh4+ 62. Kg1 g3 63. Rf3 Qh2+ 64. Kf1 Qh1+ 65. Ke2 Qxg2+ 66. Ke3 Qh2 0-1

[Event "Mediterranean op 5th"]
[Site "Rijeka"]
[Date "2011.11.15"]
[Round "5"]
[White "Ramesa, Davor"]
[Black "Monjac, Mislav"]
[Result "1-0"]
[WhiteElo "2302"]
[BlackElo "2013"]
[PlyCount "61"]
[EventDate "2011.11.11"]
[EventType "swiss"]
[EventRounds "9"]
[EventCountry "CRO"]
[SourceTitle "EXT 2012"]
[Source "ChessBase"]
[SourceDate "2011.11.24"]
[SourceVersion "1"]
[SourceVersionDate "2011.11.24"]
[SourceQuality "1"]

1. d4 Nf6 2. Nf3 e6 3. Bf4 b6 4. c4 Bb7 5. e3 d6 6. Nc3 Nbd7 7. h3 g6 8. d5 e5 9. Bg5 Bg7 10. Bd3 0-0 11. e4 Nc5 12. Bc2 a5 13. a3 Qe8 14. 0-0 Qc8 15. b4 axb4 16. axb4 Rxa1 17. Qxa1 Ncd7 18. Qa7 Ba6 19. Nd2 Qa8 20. Qxa8 Rxa8 21. Ra1 h6 22. Nb5 Ne8 23. Bd8 Rxd8 24. Rxa6 Rc8 25. Ba4 Ndf6 26. Na7 Ra8 27. Bc6 Rb8 28. Bxe8 Nxe8 29. Nc6 Rb7 30. Ra8 Kf8 31. Nd8 1-0

[Event "Mediterranean op 5th"]
[Site "Rijeka"]
[Date "2011.11.13"]
[Round "3"]
[White "Ramesa, Davor"]
[Black "Nastic, Milorad"]
[Result "1-0"]
[WhiteElo "2302"]
[BlackElo "1961"]
[PlyCount "97"]
[EventDate "2011.11.11"]
[EventType "swiss"]
[EventRounds "9"]
[EventCountry "CRO"]
[SourceTitle "EXT 2012"]
[Source "ChessBase"]
[SourceDate "2011.11.24"]
[SourceVersion "1"]
[SourceVersionDate "2011.11.24"]
[SourceQuality "1"]

1. Nf3 Nf6 2. c4 c5 3. Nc3 Nc6 4. g3 g6 5. Bg2 d6 6. 0-0 Bg7 7. Rb1 a6 8. a3 Rb8 9. b4 cxb4 10. axb4 0-0 11. b5 Na5 12. d3 Nd7 13. Bd2 b6 14. Qc1 Re8 15. Bh6 Bh8 16. Be3 Nc5 17. bxa6 Bxa6 18. Qc2 e6 19. Bd4 f6 20. Rb2 Nc6 21. Rfb1 Qc7 22. Ra2 Ra8 23. Nb5 Bxb5 24. cxb5 Rxa2 25. Qxa2 Na5 26. Bc3 Ncb7 27. Bxa5 Nxa5 28. Nd4 Kf7 29. Nc6 Nxc6 30. Bxc6 Re7 31. e4 f5 32. Rb4 Bf6 33. Kg2 Kg7 34. Ra4 d5 35. exd5 exd5 36. Qxd5 Qe5 37. Qc4 Qb2 38. Ra8 Re2 39. Qf4 Qe5 40. Ra7+ Be7 41. Qxe5+ Rxe5 42. Rb7 Kf6 43. d4 Re1 44. Rxb6 Re6 45. Rb8 Bd6 46. Rh8 Bc7 47. Rxh7 Bb6 48. Rd7 g5 49. Bd5 1-0

[Event "Mediterranean op 5th"]
[Site "Rijeka"]
[Date "2011.11.11"]
[Round "1"]
[White "Ramesa, Davor"]
[Black "Tomulic, Teo"]
[Result "1-0"]
[WhiteElo "2302"]
[BlackElo "1639"]
[PlyCount "35"]
[EventDate "2011.11.11"]
[EventType "swiss"]
[EventRounds "9"]
[EventCountry "CRO"]
[SourceTitle "EXT 2012"]
[Source "ChessBase"]
[SourceDate "2011.11.24"]
[SourceVersion "1"]
[SourceVersionDate "2011.11.24"]
[SourceQuality "1"]

1. c4 b6 2. Nf3 Nf6 3. g3 Bb7 4. Bg2 e6 5. 0-0 c5 6. Nc3 d5 7. cxd5 Nxd5 8. d4 Nd7 9. Qa4 Be7 10. dxc5 Nxc3 11. bxc3 Bxc5 12. Rd1 f6 13. Nd4 Bxg2 14. Nxe6 Qe7 15. Nxc5 bxc5 16. Kxg2 Rd8 17. Bf4 0-0 18. Bd6 1-0

[Event "CRO-chT1A 20th"]
[Site "Sibenik"]
[Date "2011.10.11"]
[Round "8.2"]
[White "Ramesa, Davor"]
[Black "Bologan, Viktor"]
[Result "0-1"]
[WhiteElo "2314"]
[BlackElo "2656"]
[PlyCount "120"]
[EventDate "2011.10.04"]
[EventType "team-tourn"]
[EventRounds "9"]
[EventCountry "CRO"]
[SourceTitle "CBM 144 Extra"]
[Source "ChessBase"]
[SourceDate "2011.10.28"]
[SourceVersion "1"]
[SourceVersionDate "2011.10.28"]
[SourceQuality "1"]
[WhiteTeam "Rijeka Junior"]
[BlackTeam "Slavonski Brod"]
[WhiteTeamCountry "CRO"]
[BlackTeamCountry "CRO"]

1. Nf3 c5 2. c4 Nc6 3. Nc3 g6 4. e3 Bg7 5. d4 d6 6. h3 Nf6 7. d5 Na5 8. Bd3 0-0 9. e4 e5 10. g4 a6 11. Qe2 b5 12. b3 h5 13. Nh2 hxg4 14. hxg4 Nh7 15. Nf1 Ng5 16. Ng3 Qf6 17. Nf5 Rd8 18. Qe3 b4 19. Ne2 gxf5 20. gxf5 Bxf5 21. Qxg5 Qxg5 22. Bxg5 f6 23. exf5 fxg5 24. 0-0-0 Kf7 25. Ng3 Rh8 26. Ne4 Ke7 27. Kc2 Bf6 28. Rdg1 Nb7 29. Rxh8 Rxh8 30. Nxg5 Bxg5 31. Rxg5 Nd8 32. Rg7+ Nf7 33. f6+ Kxf6 34. Rg6+ Ke7 35. Re6+ Kd7 36. Rf6 Ng5 37. Rg6 Nf3 38. Rg7+ Kd8 39. Rg6 Kc7 40. Rg7+ Kb8 41. Rg6 Rh2 42. Rxd6 Rxf2+ 43. Kc1 Rxa2 44. Bf5 Nd4 45. Rd8+ Kc7 46. Rd7+ Kc8 47. Be6 e4 48. Rd6+ Kc7 49. Rd7+ Kb6 50. Rd6+ Ka5 51. Bc8 Nxb3+ 52. Kb1 Nd2+ 53. Kc1 b3 54. Rxa6+ Kb4 55. Rxa2 bxa2 56. Kb2 Nxc4+ 57. Kxa2 e3 58. Bg4 Kc3 59. Bh5 Nd6 60. Ka3 c4 0-1

[Event "CRO-chT1A 20th"]
[Site "Sibenik"]
[Date "2011.10.05"]
[Round "2.5"]
[White "Ramesa, Davor"]
[Black "Movsesian, Sergei"]
[Result "0-1"]
[WhiteElo "2314"]
[BlackElo "2715"]
[PlyCount "92"]
[EventDate "2011.10.04"]
[EventType "team-tourn"]
[EventRounds "9"]
[EventCountry "CRO"]
[SourceTitle "CBM 144 Extra"]
[Source "ChessBase"]
[SourceDate "2011.10.28"]
[SourceVersion "1"]
[SourceVersionDate "2011.10.28"]
[SourceQuality "1"]
[WhiteTeam "Rijeka Junior"]
[BlackTeam "Zagreb Mladost"]
[WhiteTeamCountry "CRO"]
[BlackTeamCountry "CRO"]

1. Nf3 d6 2. d4 Nf6 3. c4 g6 4. Nc3 Nbd7 5. e4 e5 6. Be2 Bg7 7. 0-0 0-0 8. Re1 c6 9. Bf1 h6 10. b3 Nh7 11. Bb2 Ng5 12. Nxg5 Qxg5 13. Ne2 b6 14. Qc1 Qe7 15. Qd2 Bb7 16. Rad1 Rad8 17. Ba3 exd4 18. Nxd4 c5 19. Nb5 Ne5 20. Bb2 g5 21. Nc3 Ng6 22. Nd5 Bxd5 23. exd5 Be5 24. Bd3 f5 25. Bb1 Qf6 26. Bxe5 dxe5 27. Qb2 Rd6 28. Re2 g4 29. Rf1 Qg5 30. Qc1 e4 31. Qxg5 hxg5 32. f3 gxf3 33. gxf3 Ne5 34. fxe4 f4 35. Rg2 g4 36. Bc2 Rg6 37. Bd1 Kg7 38. a3 Kh6 39. Rd2 Kg5 40. Rff2 f3 41. d6 Kf4 42. Rd5 Rd8 43. Rfd2 g3 44. hxg3+ Rxg3+ 45. Kf1 Rdg8 46. Bxf3 Rxf3+ 0-1

[Event "SLO-chT1 Ost"]
[Site "Sentjur"]
[Date "2010.11.09"]
[Round "4"]
[White "Krumpacnik, Domen"]
[Black "Ramesa, Davor"]
[Result "1-0"]
[WhiteElo "2331"]
[BlackElo "2326"]
[PlyCount "91"]
[EventDate "2010.11.04"]
[EventType "team-tourn"]
[EventRounds "9"]
[EventCountry "SLO"]
[SourceTitle "EXT 2022"]
[Source "ChessBase"]
[SourceDate "2021.10.06"]
[SourceVersion "1"]
[SourceVersionDate "2021.10.06"]
[SourceQuality "1"]
[WhiteTeam "Celjski"]
[BlackTeam "Velenje Veplas"]
[WhiteTeamCountry "SLO"]
[BlackTeamCountry "SLO"]

1. d4 d5 2. c4 dxc4 3. e4 Nc6 4. d5 Ne5 5. Qd4 Nd3+ 6. Bxd3 cxd3 7. Nc3 e6 8. Bf4 a6 9. Rd1 Nf6 10. Rxd3 exd5 11. Nxd5 Nxd5 12. exd5 f6 13. Qe4+ Kf7 14. Nf3 Bd6 15. Bxd6 Qxd6 16. 0-0 Bd7 17. Rc1 Rae8 18. Qc4 Rc8 19. Qb3 b5 20. Rc6 Qf4 21. Rxa6 Qc4 22. Qxc4 bxc4 23. Rc3 Ra8 24. Rxa8 Rxa8 25. a3 Rb8 26. Rxc4 Rxb2 27. h3 Rb7 28. Nd4 Ke7 29. Nc2 Kd6 30. Nb4 Ra7 31. Rc3 Ra8 32. Kf1 Re8 33. Re3 Kc5 34. Ke2 Bb5+ 35. Kd2 Rxe3 36. Kxe3 g6 37. h4 Kc4 38. g3 Kc5 39. Ke4 Kc4 40. g4 Kb3 41. g5 fxg5 42. hxg5 Kxa3 43. Nc2+ Kb2 44. Nd4 Bc4 45. Ke5 Kc3 46. Ne6 1-0